| 000 | 01128nmm a2200325 a 4500 | ||
|---|---|---|---|
| 001 | ocm0001162229 | ||
| 003 | TR-IsHL | ||
| 005 | 20201028153932.0 | ||
| 008 | 150709s2015 tu tur | ||
| 007 | cr cn | ||
| 020 | _a9789758915699 | ||
| 035 |
_a1162229 _b(N$T) |
||
| 050 | 0 | 4 |
_aDS254 _b.D395 2015 |
| 090 | 0 | 4 |
_aDS254 _b.D395 2015 |
| 100 | 1 | _aDemirdurak, Bülent | |
| 245 | 1 | 0 |
_aİran _h[electronic resource] / _cBülent Demirdurak ; Farhad Shakib Pilehroud ; editör Aksel Köseoğlu ; fotoğraflar Bülent Demirdurak, Selçuk Akbulut, Selma Ergül |
| 250 | _a2. bs. | ||
| 260 |
_aİstanbul : _bGiTa Yayınları, _c2015 |
||
| 300 | _a169 p. | ||
| 650 | 4 | _aSpor, Seyahat ve Turizm | |
| 650 | 4 | _aSports, Travel & Tourism | |
| 650 | 0 |
_aİran _xTanıtım ve seyahat |
|
| 650 | 0 |
_aIran _x Description and travel |
|
| 650 | 7 |
_aTRAVEL / Middle East / General _2bisacsh |
|
| 700 | 1 | _aPilehroud, Farhad Shakib | |
| 700 | 1 | _aKöseoğlu, Aksel | |
| 700 | 1 | _aAkbulut, Selçuk | |
| 700 | 1 | _aErgül, Selma | |
| 856 | 4 | 0 | _uhttp://search.ebscohost.com/login.aspx?direct=true&scope=site&db=e011xww&AN=1162229 |
| 999 |
_c12309 _d12309 |
||